[Event "RUS-Cup03 Geller Memorial"]
[Site "Moscow"]
[Date "1999.02.12"]
[Round "3"]
[White "Bykov, Andrei"]
[Black "Nikolenko, Oleg"]
[Result "0-1"]
[WhiteElo "2391"]
[BlackElo "2510"]
[Annotator "Golod,V"]
[PlyCount "60"]
[EventDate "1999.02.10"]
[EventType "swiss"]
[EventRounds "9"]
[EventCountry "RUS"]
[SourceTitle "CBM 070"]
[Source "ChessBase"]
[SourceDate "1999.06.08"]
[SourceVersion "1"]
[SourceVersionDate "1999.06.08"]
[SourceQuality "1"]

1. d4 Nf6 2. c4 e6 3. Nc3 Bb4 4. Qc2 c5 5. dxc5 Na6 6. Nf3 {Nowadays this move
is not actual.} (6. a3 $5 {Is the main line.You can see comments to game:
Vaisser,A-Fressinet,L/Meribel,1998/CBM 67(1-0)(Golod,V)(40)}) 6... Nxc5 $5 ({
Other lines are:} 6... O-O) (6... Qa5) (6... Bxc5 $6) 7. a3 $5 {[%mdl 4]} ({
Besides,white has two options:} 7. Bd2 $5 {-see comments to Galkin,
A-Sveshnikov,E/St. Petersburg,1998/CBM 67(0-1)(Golod,V)(38) and:7.g3!?}) 7...
Bxc3+ 8. Qxc3 b6 $5 (8... O-O) (8... a5) (8... Nce4) ({and} 8... d5 {-was
checked in the previous games.}) 9. e3 {/\Be2,0-0} ({Dubious:} 9. b4 {in view
of:} Nce4 10. Qd4 Bb7 11. Bf4 O-O 12. e3 d5 13. cxd5 Qxd5 $11 {0-1 Calistri,
T-Verat,L/Paris 1994/EXT 98 (21)}) 9... O-O (9... Bb7 $5 10. Be2 (10. b4 $5)
10... a5 $5 11. a4 {1/2-1/2 Pekarek,A-Hausner,I/CSR 1992/TD (11)}) 10. Be2 ({
Ohter alternatives are:} 10. b4) ({and} 10. Nd2) 10... Ba6 $5 ({Also possibly:
} 10... Bb7 $5) ({and} 10... Nce4 $5) 11. b4 ({Dubious:} 11. O-O {because of:}
Rc8 {[%csl Rc4,Gc8][%cal Gc8c4]} 12. b3 d5 13. Qc2 dxc4 14. bxc4 Bb7 15. Rd1
Qc7 $15 {0-1 Kirby,K-Darga,K/Munich 1958/MCD (45)}) ({Can be recommended:} 11.
Nd2 $5 d5 12. b4 Nce4 13. Nxe4 Nxe4 14. Qe5 Rc8 15. Bb2 Nf6 16. b5 Bb7 17. Rc1
$13 {0-1 Renman,N-Bergstrom,C/SWE-ch 1989/EXT 97 (59)} (17. Rd1 $142)) 11...
Nce4 12. Qb3 $2 (12. Qd4 $142 d6 13. Bb2 Rc8 14. Rc1 Rc7 15. O-O Qc8 16. b5 $2
(16. Nd2 $1 e5 17. Qd3 Nxd2 18. Qxd2 Qe6 19. Rfd1 $11) 16... Bb7 17. Qd1 e5 18.
Nd2 Nxd2 19. Qxd2 Ne4 $15 {0-1 Hamann,S-Kaunas,K/Copenhagen 1989/EXT 97 (72)})
12... Qc7 $1 $146 {[%csl Rc4,Ge4,Rf2,Rh2][%cal Ga8c8,Gf6g4]} ({Worse is:} 12...
d5 13. cxd5 Bxe2 14. Kxe2 Qxd5 15. Qxd5 Nxd5 16. Bb2 f6 17. Rac1 Rfc8 18. Nd4
$11 {0-1 Schroeder,R-Marini,L/Mar del Plata 1951/MCL (57)}) 13. Bb2 $6 (13. O-O
$142 Rac8 {[%csl Rc4]} 14. b5 Bb7 {and black has a positional advantage.})
13... Ng4 14. O-O $4 {[%mdl 8192] Gross mistake!} (14. Rf1 $8 Nxh2 15. Nxh2
Qxh2 16. Qa4 $1 {[%csl Ra6,Rd7]} Bc8 17. Bf3 f5 $15) 14... Nd2 $1 $19 {[%csl
Rb3,Rf1,Yf3,Rh2][%cal Gd2f3,Gc7h2,Gg4h2,Yf3h2]} 15. Be5 $8 Nxf3+ $5 ({Also win:
} 15... Nxb3 $5 16. Bxc7 Nxa1 17. b5 $1 (17. Rxa1 Rfc8 $19 {[%csl Rc4]}) 17...
Rfc8 18. Bd6 Bxb5 19. cxb5 Nb3 $19) 16. Bxf3 Nxe5 17. Bxa8 Bxc4 $1 ({Slightly
worse is:} 17... Rxa8 18. b5 Bb7 19. Rac1 Rc8 $19 {[%csl Rc4]}) 18. Rfc1 (18.
Qc3 $144 Rxa8 19. f4 Ng4 {/\d5-+}) 18... Rxa8 19. h3 (19. f4 {is refuted by:}
Rc8 $1 {[%cal Yc8c7]} 20. Qd1 Ng6 $19) 19... d5 20. a4 Qe7 {The rest is the
matter of technics.} 21. Qc3 Nd3 {[%csl Rb4,Rc1][%cal Gd3c1,Gd3b4]} 22. Rcb1
Qh4 23. Qd2 e5 24. b5 (24. Ra3 e4 {/\Rf8,f5-f4}) 24... h6 $5 {[%csl Yh7][%cal
Ga8e8,Ge8e6,Ye6b6]} 25. a5 Re8 26. axb6 axb6 27. f3 e4 28. f4 Qg3 29. Rf1 ({
Loses right away:} 29. Ra6 {because of:} d4 30. exd4 e3 $19) 29... Bxb5 30.
Rab1 Bc4 (30... Bc4 31. Rxb6 Ra8 $19 {[%csl Rd2,Rg2][%cal Ga8a2]}) 0-1

[Event "St Petersburg-ch"]
[Site "St Petersburg"]
[Date "2003.04.16"]
[Round "1"]
[White "Popov, Valerij"]
[Black "Shaposhnikov, Evgeny"]
[Result "1-0"]
[WhiteElo "2570"]
[BlackElo "2564"]
[Annotator "Golod,V"]
[PlyCount "69"]
[EventDate "2003.04.16"]
[EventType "tourn"]
[EventRounds "13"]
[EventCountry "RUS"]
[EventCategory "11"]
[SourceTitle "CBM 095"]
[Source "ChessBase"]
[SourceDate "2003.07.25"]
[SourceVersion "1"]
[SourceVersionDate "2003.07.25"]
[SourceQuality "1"]

1. d4 Nf6 2. c4 e6 3. Nc3 Bb4 4. Qc2 c5 5. dxc5 O-O 6. a3 Bxc5 7. Nf3 Nc6 8.
Bg5 Nd4 {After this move,White has compulsory moving to slightly better
endgame.} 9. Nxd4 Bxd4 10. e3 Qa5 11. exd4 Qxg5 12. Qd2 $5 Qxd2+ {Differently,
after:12...Qa5 or 12...Qg6- White will receive the big advantage.} 13. Kxd2 b6
$5 {[%cal Gc8b7] In my opinion,it's best continuation in this position.} 14. b4
Ba6 $6 {The too rare and dubious decision.Besides,Black has two basic moves} (
14... Bb7 {See comments to Sokolov,I-Van der Sterren,P/Amsterdam,1999/CBM 73(1/
2-1/2)(Golod,V)(41)}) ({and} 14... d6 $5 {See comments to Kasparov,G-Kramnik,V/
Tilburg,1997/CBM 61(1/2-1/2)(Dokhojan)(35)}) 15. a4 $1 $146 (15. f3 $143 Rac8
16. c5 Bxf1 17. Rhxf1 bxc5 18. dxc5 d6 $1 $11 {Seirawan,Y-Dzindzichashvili,R/
Philadelphia,1988(1/2-1/2)(24)}) 15... d5 ({Differently,after:} 15... d6 $6 16.
a5 {[%csl Ga5,Ra6,Gb4,Gc4,Gd4] Black will be in a complete clip.}) 16. c5 ({
Leads to benefit of the contender:} 16. b5 $2 Bb7 $140 17. c5 $2 bxc5 18. dxc5
d4 {[%csl Rc3,Rc5][%cal Gd4c3,Yf6e4]}) 16... Bxf1 17. Rhxf1 {Already it is now
clear, that White has a big positional advantage.} bxc5 $6 ({Can be
recommended:} 17... Rfc8 {[%csl Rc5]}) 18. bxc5 (18. dxc5 $143 Rfc8 {[%csl Rb4,
Rc5][%cal Ga7a5]}) 18... e5 {The rather doubtful decision,but is very
difficult to give good advice.} 19. dxe5 Nd7 20. c6 $1 $16 {This move is
better,than:} (20. Nxd5 Rfd8 {[%csl Rd2,Gd8] with some counterplay.}) 20... Nb6
({Pretty dubiously:} 20... Nxe5 {in view of:} 21. c7 d4 22. Nb5 {[%cal Gb5d6,
Yb5c7,Ga1c1]}) 21. a5 Nc4+ 22. Kc2 $1 Rfd8 ({I do not think that it was much
better:} 22... Nxe5 23. c7 d4 24. Nd5 {+/-/+-}) 23. Rfd1 d4 (23... Nxe5 $2 24.
c7 $18 {[%csl Rd5][%cal Gc3d5]}) 24. c7 $1 {White have calculated precisely
all consequences of this move.} Rd7 25. Nb5 {[%csl Rd4][%cal Gd1d4]} Rc8 $2 ({
Also weakly:} 25... Nxe5 {because of:} 26. Rxd4 Rxd4 27. Nxd4 {[%cal Ga1b1,
Gb1b8]} Rc8 28. Nb5 Kf8 $8 (28... a6 $143 29. Rd1 Nc6 30. Rd6 $18 {[%csl Yc6,
Rd8][%cal Gd6c6]}) 29. Rd1 $1 {[%cal Gd1d8]} Ke7 $140 30. Re1 {[%cal Gf2f4]}
Kf6 $8 31. Kb3 $18 {[%csl Yc7,Rf6][%cal Gb5d6,Gd6e8]}) ({More stubborn
resistance after:} 25... a6 26. Rxd4 (26. e6 $5) 26... Rxd4 27. Nxd4 Rc8 $16 {
[%csl Rc7]}) 26. Ra4 {[%csl Rc4,Rd4]} d3+ ({After:} 26... a6 27. Rxc4 axb5 28.
Rdxd4 Rxd4 29. Rxd4 Rxc7+ 30. Kb3 {[%cal Gb3b4,Yd4d2] White has a easy win in
the RR endgame.}) 27. Rxd3 $1 Rxd3 $140 28. Rxc4 {[%cal Gb5d6,Gb5a7]} Rd7 $8
29. a6 $18 {This move is directed against progress "a6",on the part of Black.}
g5 30. Rc6 Kf8 31. Kb3 {At first it is necessary to move the king, and then to
pull the pawns of the king side.} Ke7 32. Kb4 g4 33. f4 {[%cal Ge5e6,Yf4f5]}
Rd2 $2 {It's last mistake in a hopeless position.} 34. Nxa7 $1 Kd7 $140 35.
Rd6+ 1-0

[Event "Reykjavik Hrokurinn"]
[Site "Reykjavik"]
[Date "2003.02.18"]
[Round "1"]
[White "Sokolov, Ivan"]
[Black "Macieja, Bartlomiej"]
[Result "1/2-1/2"]
[WhiteElo "2688"]
[BlackElo "2629"]
[Annotator "Golod,V"]
[PlyCount "52"]
[EventDate "2003.02.18"]
[EventType "tourn"]
[EventRounds "9"]
[EventCountry "ISL"]
[EventCategory "15"]
[SourceTitle "CBM 094"]
[Source "ChessBase"]
[SourceDate "2003.05.26"]
[SourceVersion "1"]
[SourceVersionDate "2003.05.26"]
[SourceQuality "1"]

1. d4 Nf6 2. c4 e6 3. Nc3 Bb4 4. Qc2 c5 5. dxc5 O-O 6. a3 Bxc5 7. Nf3 b6 8. Bf4
Nh5 9. Bg3 Bb7 10. Rd1 $5 (10. e3 {I have already commented three games on
this subject.You can see,at least last of them: Sasikiran,K-Barsov,A/Hastings,
2003/CBM 93(1/2-1/2)(Golod,V)(27)}) 10... h6 {Besides this move,black has two
interesting alternatives:} (10... f5 11. e3 Bxf3 12. gxf3 f4 13. exf4 (13. Bd3
$1 $36) 13... Nc6 $13 {Krush,I-Barsov,A/Hampstead,2001(1-0)(37)}) ({and} 10...
Be7 $5 11. e3 h6 (11... Nxg3 $143 12. hxg3 h6 13. g4 d6 14. Ne4 {[%cal Gg4g5]}
d5 15. Nc3 $14 {Nielsen,P-Van Wely,L/Panormo,2002(1-0)(24)}) 12. Bd3 Nc6 13.
Bh7+ Kh8 14. Be4 Qc8 15. O-O (15. Bd6 $5) 15... Na5 16. Bxb7 Qxb7 17. Qa4 Nf6
18. Nb5 Ne4 19. Nd6 Bxd6 20. Bxd6 Rfc8 21. Bb4 Nc6 22. Bd6 $11 {1/2-1/2
Sokolov,I-Zvjaginsev,V/Poikovsky,2002(22)}) 11. e4 f5 $5 $146 ({Were checked
in the preceding game:} 11... Be7 $5 12. e5 a6 13. Bd3 Qc7 14. Qe2 b5 $5 $132 {
Brenninkmeijer,J-Barsov,A/Breda,1999(0-1)(48)}) (11... Nxg3 $143 12. hxg3 {
[%cal Gg3g4,Gg4g5,Ge4e5]}) 12. b4 Be7 ({Is a possible continuation of the play:
} 12... Nxg3 $5 13. hxg3 fxe4 (13... Be7 $143 14. Nd4 $1 {[%csl Rd8][%cal
Gd4e6]} (14. exf5 Rxf5 15. Bd3 Rxf3 $1 16. gxf3 Bxf3 17. Bh7+ Kh8 18. Be4 Bxd1
19. Qxd1 Nc6 20. b5 $140 (20. Qh5 $142) 20... Ne5 $44) 14... Qe8 $13 {[%csl
Re1]}) 14. Nxe4 Be7 15. Ne5 $36 (15. Bd3 $6 a5) 15... a5 $13) 13. exf5 exf5 {
[%csl Rg3][%cal Gf5f4] This strange decision is much better,than:} (13... Rxf5
14. Nd4 $1 {[%csl Rd8][%cal Gd4f5,Gd4e6]} (14. Bd3 $143 Rxf3 15. gxf3 Bxf3 16.
Be4 Bxd1 17. Qxd1 Nxg3 18. hxg3 Nc6 19. b5 Ne5 $44) 14... Nxg3 15. hxg3 Re5+
16. Be2 Nc6 (16... Bxg2 $2 17. Rh2 Bb7 18. f4 {[%csl Re5]} Re3 19. Kf2 Rxe2+
20. Ncxe2 {+/=/+/-}) 17. Nf3 Rf5 18. Bd3 $14) 14. c5 $13 {A very risky
decision. Ivan Sokolov gives back the "Bg3", but makes active the other pieces.
} ({Very badly:} 14. Nd5 {in view of:} f4 {[%csl Rg3]} 15. Qg6 Bxd5 16. Rxd5 (
16. cxd5 Qe8 $17) 16... Nf6 17. Bxf4 Nxd5 18. Bxh6 Bxb4+ $1 19. axb4 Qe8+ 20.
Qxe8 Rxe8+ 21. Kd2 Nxb4 $17) ({Leads to quieter game:} 14. Bd3) 14... Bxf3 {
It's best move.} (14... bxc5 15. Bc4+ Kh8 16. Bd5 Bxd5 17. Nxd5 $36 f4 $140 $2
18. Ne5 $16 {[%csl Rg6][%cal Ge5g6]}) (14... f4 $2 15. Bc4+ Kh8 16. Ne5 {
[%csl Rh8][%cal Ge5g6]}) 15. gxf3 Nc6 {Differently, after:} (15... f4 $2 16.
Bc4+ Kh8 17. Bd5 Na6 18. Qe2 Nc7 19. Bxa8 Nxa8 20. Rd5 {[%csl Rh5]}) ({or} 
15... bxc5 $2 16. Bc4+ Kh8 17. Bd5 {[%csl Ra8] white has a big advantage.}) 16.
b5 ({Senselessly:} 16. Bc4+ Kh8 $140 17. b5 {because of:} Na5 18. Bd5 Rc8 $36)
16... Na5 17. c6 ({Pretty dubiously:} 17. Qa2+ Kh8 18. c6 Bf6 19. Ne2 Qe8 {
[%csl Re1][%cal Gf6c3]}) 17... f4 {[%csl Rg3]} 18. Bh3 {The correctness of
this move is confirmed by the following variant:} (18. Qg6 Qe8 19. Qxe8 Raxe8 {
[%csl Re1]} 20. cxd7 Rd8 {[%csl Rg3]} 21. Bh3 fxg3 22. Be6+ Kh7 23. hxg3 g6 $15
{[%csl Ra3][%cal Ya5b7,Yb7c5]}) 18... fxg3 19. hxg3 Nf6 20. Bxd7 Nxd7 $6 {
Leads to a drawn game. In my opinion black could continue the struggle:} (20...
Qc7 $5 21. f4 Kh8 22. a4 $44) (20... Kh8 $5) 21. Rxh6 $1 $11 (21. Rxd7 $6 Qe8
$15 {[%csl Re1]}) 21... gxh6 $8 ({Loses right away:} 21... Qe8 22. Qh7+ Kf7 23.
Rxd7 Rd8 24. Rg6 Rg8 $140 25. Rf6+ $1 Kxf6 26. Nd5+ Kg5 (26... Ke6 27. Qe4+ Kf7
28. Qf5#) (26... Ke5 27. Qe4#) (26... Kf7 27. Qf5#) 27. f4+ Kg4 28. Ne3+ Kf3
29. Qh1#) ({Also loses:} 21... Rf6 22. Qh7+ Kf8 (22... Kf7 23. Rxf6+ Nxf6 (
23... Kxf6 24. Rxd7 {[%cal Gc3d5,Gc3e4]}) (23... Bxf6 24. Ne4 Nf8 25. Rxd8 Rxd8
26. Qf5 $18) 24. Rxd8 Rxd8 25. Qc2 $18 {[%csl Ra5]}) 23. Rxf6+ Bxf6 24. Rxd7
Bxc3+ 25. Kf1 {[%csl Rf8][%cal Gh7h8]} Qxd7 $8 26. cxd7 Rd8 (26... Ke7 $4 27.
Qe4+ {[%csl Ra8,Re7]}) (26... Kf7 $4 27. Qf5+ {[%csl Ra8][%cal Gf5d5,Gf5e4]})
27. Qd3 Bf6 28. Qd6+ {[%csl Gf3,Gg3][%cal Gf3f4,Gg3g4,Gg4g5]} Be7 29. Qf4+ Kg8
30. Qc7 $18) 22. Qg6+ $11 Kh8 23. Qxh6+ Kg8 24. Qg6+ Kh8 25. Qh6+ {White is
obliged to repeat moves.} (25. Rd5 $4 Nf6 26. Rg5 Rf7 27. Qxf7 Qf8 $19) 25...
Kg8 26. Qg6+ Kh8 1/2-1/2

[Event "Mario Covas 3rd"]
[Site "Santos"]
[Date "2003.04.26"]
[Round "6"]
[White "Morovic Fernandez, Ivan"]
[Black "Milos, Gilberto"]
[Result "1-0"]
[WhiteElo "2551"]
[BlackElo "2586"]
[Annotator "Golod,V"]
[PlyCount "89"]
[EventDate "2003.04.22"]
[EventType "tourn"]
[EventRounds "10"]
[EventCountry "BRA"]
[EventCategory "12"]
[SourceTitle "CBM 095"]
[Source "ChessBase"]
[SourceDate "2003.07.25"]
[SourceVersion "1"]
[SourceVersionDate "2003.07.25"]
[SourceQuality "1"]

1. d4 Nf6 2. c4 e6 3. Nc3 Bb4 4. Qc2 c5 5. dxc5 O-O 6. a3 Bxc5 7. Nf3 b6 8. Bg5
Bb7 9. e3 Be7 10. Be2 (10. Rd1 $5 {See comments to Onischuk,A-Marin,M/Koszalin,
1999/CBM 73(1-0)(Golod,V)(48)}) 10... d6 ({Recently was checked up another
continuation:} 10... a6 $5 11. O-O h6 12. Bh4 d6 13. Rfd1 Qc7 14. Rac1 Nbd7 15.
Bg3 Nh5 $11 {[%csl Rg3][%cal Gh5g3] Karpov,A-Macieja,B/Warsaw,2003(1-0)(47)})
11. O-O Nbd7 12. Rfd1 a6 {[%csl Ya6][%cal Ya6b5] It is rather difficult to
continue a game without this move:} (12... Qb8 $6 13. Bf4 Rd8 14. b4 Nf8 15. c5
Ne8 16. Rac1 $14 {Gurevich,M-Graf,A/Lanzarote,2003(1/2-1/2)(50)}) 13. Bf4 $5 {
[%csl Rd6] Also were checked up in previous games: 13.Rac1; 13.b4; 13.e4 and
13.Rd2.} Qc7 14. Qd2 {[%csl Rd6]} e5 $5 $146 ({From my point of view,it is not
enough for the equation of a position:} 14... Ne5 15. Nxe5 dxe5 16. Bg5 (16.
Bg3 $5) 16... Bc6 17. b4 h6 18. Bxf6 Bxf6 19. Rac1 {+/=/= Soppe,G-Najdorf,M/
ARG,1989(1/2-1/2)(22)}) 15. Bg5 {[%csl Rd5]} Rac8 16. Rac1 Qb8 $6 {This move
is directed against Nd5.} ({It was a much better:} 16... Nc5 $5 {[%csl Rb3]
[%cal Gc5e4,Gc5b3]} 17. Qc2 $140 Nce4 18. Nxe4 Nxe4 19. Bxe7 Qxe7 $11) 17. Nh4
$1 $14 {[%csl Rd5,Rf5][%cal Gh4f5] Position of White more preferably at the
expense of the best pawn chain and weaknesses in camp of Black.} Rfd8 $6 ({
Can be recommended:} 17... g6 18. b4 $14) 18. Nf5 Bf8 19. b4 {[%csl Rd6][%cal
Yb4c5,Gf5d6]} (19. Nxd6 $4 {is refuted by:} Nc5 {[%csl Rd6]}) 19... h6 20. Bh4
g5 {The rather doubtful decision,but is very difficult to give good advice.}
21. Bg3 Qa8 {[%csl Rg2]} 22. f3 Nh5 ({Leads to favourable complications for
White:} 22... g4 $6 23. e4 gxf3 24. gxf3 $16) ({or} 22... d5 $2 23. cxd5 Nxd5
24. Bxa6 $1 $18 {[%csl Ga6,Ya8,Yb7,Rd5]}) 23. Bf2 Ndf6 24. e4 $16 {[%csl Rb6]
All Black's pieces are located ideally.} b5 {Differently,after:} (24... Nd7 25.
Qe3 {Black will be in a complete clip.}) 25. cxb5 d5 (25... axb5 $143 26. Bb6
$1 (26. Nxb5 $2 d5 $132) 26... Qxa3 $140 $2 27. Nxb5 $18 {[%csl Ra3,Rd8]}) 26.
bxa6 Bxa6 27. Bxa6 dxe4 $8 ({Pretty dubiously:} 27... Qxa6 {in view of:} 28.
Nxd5 Nxd5 29. exd5 Qxa3 30. Rxc8 Rxc8 31. d6 $18) 28. Qe1 ({After:} 28. Qb2
Qxa6 29. Rxd8 Rxd8 30. Nxe4 (30. fxe4 $143 Nf4) 30... Nf4 {[%csl Rd3,Re2][%cal
Gf4d3,Gf4e2]} 31. Ra1 Nd3 32. Qc3 Nd5 33. Qb3 N5f4 {Black has some
compensation behind pawn.}) 28... Qxa6 29. Nxe4 $6 {White obviously have lost
a "string of game".} (29. Rxd8 $142 Rxd8 30. b5 Qxa3 31. Ra1 Qb3 32. Rb1 Qc4
33. Ne3 Qc8 34. Nxe4 $16) 29... Rxc1 30. Rxc1 Nxe4 31. Qxe4 (31. fxe4 $6 Qxa3
32. b5 Nf4 $132 {[%csl Rd3][%cal Gf4d3]}) 31... Qxa3 32. Re1 Nf4 $2 ({It was
necessary:} 32... Qb2 $14 {[%csl Rb4][%cal Yb2e5] and White can not create
threats to the Black's king.}) 33. Qxe5 Qxb4 34. Qf6 $40 {[%csl Rg8,Rh6]} Qa5 (
34... Qd2 $142 35. h4 $40 (35. Nxh6+ $4 Bxh6 36. Qxh6 Nd3 37. Rf1 Nxf2 38. Rxf2
Qe3 {[%csl Rd1,Rd2][%cal Gd8d1]})) 35. h4 $1 {[%csl Ge1,Gf2,Gf5,Gf6,Gg1] Black
develop a strong attack,all their pieces are ready for this purpose.} Nd3 36.
Re7 $1 {[%csl Rf7,Rg8][%cal Gf6f7,Gf6g7] White have calculated precisely all
consequences of this move.} Qa2 37. Bg3 gxh4 (37... Ra8 38. Nxh6+ Bxh6 39. Qxh6
Qa1+ 40. Kh2 $16) 38. Qxh4 $6 $138 {White have missed an easy win:} (38. Re4 $1
{[%csl Rd8,Rg8][%cal Ge4g4,Gg4g7]} Kh7 39. Rxh4 $18 {[%csl Rd8][%cal Gh4h6]})
38... Bxe7 (38... Qa6 39. Re4 $40) 39. Qxe7 Qa1+ $2 {It already decisive
mistake.} ({Also loses right away:} 39... Qd5 $2 40. Qf6 Qc5+ 41. Bf2 $1 (41.
Kh2 $5) 41... Qf8 (41... Qxf2+ $143 42. Kh2 {[%csl Rd8,Rg8][%cal Gf6d8,Gf6g7]})
42. Nxh6+ Kh7 43. Nxf7 {[%csl Rd3,Rd8]} Nxf2 44. Qh4+ Kg6 45. Nxd8 $18 {
[%csl Rf2]}) ({More stubborn resistance after:} 39... Rc8 40. Kh2 $16) 40. Kh2
$18 Rf8 (40... Ra8 $144 41. Qe4 $1 {[%csl Rd3,Rg8][%cal Ge4g4]} Rd8 42. Bh4 Qa5
{[%csl Rd3,Rd8,Rg8][%cal Ge4e8,Yd8e8]} 43. Nxh6+ Kg7 44. Nf5+ Kg8 45. Qg4+ Kf8
$8 46. f4 $1 {[%csl Re5,Yf4,Rh2][%cal Yf4e5,Gg4g7] and there is no protection
against numerous threats.}) 41. Nxh6+ Kg7 42. Nf5+ Kg6 (42... Kg8 $2 43. Qg5+
Kh7 44. Qh6+ Kg8 45. Ne7#) 43. Qxf8 Kxf5 44. Qxf7+ Qf6 (44... Kg5 45. Bh4+ $1
Kxh4 46. Qg6 {[%csl Rh4][%cal Gg6g4,Gg2g3]}) 45. Qd5+ {[%csl Rd3,Gd5,Rf5][%cal
Gd5f5,Gd5d3] Despite the mistakes the game was very interesting.} 1-0